000 00492nam a2200145Ia 4500
008 220216s9999 xx 000 0 und d
100 _aChrestin H
245 0 _aBiochemcial basis for cessation of latex flow and occurrence of physiological bark dryness
260 _bProceedings of the International Rubber Conference, Kuala Lumpur, Malaysia, V.3. 1985; p20-40
650 _aLatex flow
650 _aPhysiological bark dryness
700 _aDAuzac J
700 _aJacob J L
942 _cJS
999 _c54732
_d54732